000 00711nam a2200217Ii 4500
003 JO-AjNU
008 230606s9999||||xx |||||||||||||| ||und||
020 _a0-07-297621-7
040 _aJO-AjNU
_beng
_erda
_cJO-AjNU
041 _aeng
050 1 4 _aQA 276 .12 .B59 2004
100 3 _aBluman,allan,
_eauthor
_93913
245 0 0 _a Elementary statistics : a step by step approach
250 _a3 ed
264 3 1 _aMCGRAW-HILL HIGHER EducaTION:London.2007
300 _a660p
_b 1CD-ROM is available at databases' division.
336 _atext
_btxt
_2rdacontent
337 _aunmediated
_bn
_2rdamedia
338 _avolume
_bnc
_2rdacarrier
650 4 _a Elementary statistics : a step by step approach
_93914
999 _aE2040
_c2039
_d2039